[Event "EICC 2019"]
[Site "Skopia"]
[Date "2019.03.25"]
[Round "7.10"]
[White "Alekseenko, Kirill"]
[Black "Zhigalko, Sergei"]
[Result "1-0"]
[WhiteElo "2644"]
[BlackElo "2604"]
[Annotator "TA"]
[PlyCount "73"]
[EventDate "2019.03.18"]
[EventType "swiss"]
[EventCountry "MKD"]
[SourceTitle "playchess.com"]
[Source "ChessBase"]
[SourceQuality "1"]

{[%evp 20,73,8,0,5,9,20,20,20,19,0,2,6,10,15,11,39,44,39,28,38,31,25,15,24,14,21,0,0,-8,-12,-25,-15,-31,83,73,150,145,154,136,248,241,243,243,425,422,624,578,797,800,29994,29995,29995,29996,29996,29997]} 1. e4 e5 2. Nf3 Nc6 3. Bb5 Nf6 4. d3 Bc5 5. O-O Nd4 6. Nxd4 Bxd4 7. c3 {C65: Ruy Lopez: Berlin Defence (3...Nf6), unusual lines and 4 0-0 Bc5} Bb6 8. Ba4 c6 (8... O-O 9. Bg5 h6 10. Bh4 d6 11. Nd2 g5 12. Bg3 Bg4 13. Qe1 Nh5 14. Bd1 Bxd1 15. Qxd1 Nxg3 16. hxg3 {½-½ (47) Caruana,F (2828)-Robson,R (2667) chess.com INT 2019}) 9. Na3 d6 10. Bc2 O-O 11. Nc4 {LiveBook: 7 Games} Bc7 12. Bg5 {[%cal Bc1g5,Bg5h4,Bh4g3][%mdl 32]} h6 $146 ({Predecessor:} 12... d5 13. Ne3 dxe4 14. dxe4 h6 {½-½ (33) Van Foreest,J (2609)-Leko,P (2679) Germany 2018}) 13. Bh4 d5 14. Ne3 dxe4 15. dxe4 Qxd1 16. Raxd1 g5 17. Bg3 Be6 18. f3 Nh5 {[%cal Bf6h5,Bh5f4,Bf4d3][%mdl 32]} 19. Bf2 Nf4 20. Bb3 Rfd8 21. h4 Nd3 22. Bxe6 fxe6 23. Ng4 Kg7 24. hxg5 h5 $1 {[%cal Rh5g4]} 25. Nf6 {And now Ne8+ would win.} Kg6 $1 26. g4 hxg4 (26... h4 $15 {stays ahead.}) 27. Nxg4 $16 Kxg5 (27... Rac8 $142) 28. Be3+ Kg6 29. Rd2 c5 {[#]} (29... Rac8 $16 30. a4 (30. Bxa7 b6 $14) 30... Nf4) 30. Rg2 $1 $18 Kf7 31. Nh6+ Ke8 $2 {[#]} (31... Ke7 32. Rg7+ Kd6 33. Nf7+ Kc6) 32. Rg7 $1 Bb6 (32... Bd6 $142 33. Ng8 (33. Rxb7 Rd7 $16) 33... Nf4 34. Rxb7 Rac8 35. Nf6+ (35. Rxa7 Rc7 $16) 35... Kf8) 33. Bg5 Nxb2 34. Ng4 {Intending Nf6+ and mate.} Nd3 35. Nf6+ {White mates.} Kf8 36. Rh7 {[%cal Rg5h6]} c4+ 37. Kh2 {Precision: White = 71%, Black = 49%.} 1-0

[Event "EICC 2019"]
[Site "Skopia"]
[Date "2019.03.25"]
[Round "7.11"]
[White "Anton Guijarro, David"]
[Black "Svane, Rasmus"]
[Result "1-0"]
[WhiteElo "2643"]
[BlackElo "2610"]
[Annotator "TA"]
[PlyCount "99"]
[EventDate "2019.03.18"]
[EventType "swiss"]
[EventCountry "MKD"]
[SourceTitle "playchess.com"]
[Source "ChessBase"]
[SourceQuality "1"]

{[%evp 17,99,2,9,8,7,3,10,0,0,0,0,0,0,0,0,-9,-16,-13,24,22,24,24,31,0,54,52,70,33,37,57,35,66,66,58,68,0,87,100,139,109,105,100,180,179,181,182,174,174,618,613,589,569,872,815,1066,1290,908,1449,1420,1360,1261,1233,842,715,5004,3571,1815,1073,1413,1398,1359,1359,1172,1172,1914,1775,29984,29985,29985,29982,29986,29987,29986,29987]} 1. e4 e5 2. Nf3 Nc6 3. Bc4 Bc5 4. c3 Nf6 5. d4 exd4 6. e5 d5 7. Bb5 Ne4 8. cxd4 Bb6 9. Nc3 O-O 10. Be3 {C54: Giuoco Piano: 4 c3 Nf6, main lines with 5 d4 and 5 d3} Bg4 11. h3 Bh5 12. Qc2 {The position is equal.} Ba5 13. O-O {[#]} Nxc3 $146 ({Predecessor:} 13... Bxc3 14. bxc3 Na5 15. Nd2 Bg6 16. Qb2 c6 17. Be2 f5 18. Nxe4 fxe4 19. Qb4 b6 20. c4 dxc4 21. Bxc4+ Nxc4 22. Qxc4+ Qd5 23. Qxd5+ cxd5 24. Rfc1 {½-½ (24) Najer,E (2693)-Rodshtein,M (2688) Czech Republic 2017}) 14. bxc3 Bxf3 15. gxf3 Qd7 16. Bxc6 Qxc6 17. f4 Qg6+ (17... f6 {seems wilder.} 18. Kg2 Rae8 19. Rab1 b6 20. Kh2 Qd7) 18. Qxg6 fxg6 19. Rab1 Bb6 20. Kg2 Rae8 (20... Kf7 $11) 21. Rfc1 c6 22. a4 Re7 23. c4 dxc4 24. Rxc4 Rd7 25. Kf3 Kf7 26. Ke4 $1 Rfd8 (26... Ke6 $11) 27. h4 $16 h5 28. f5 gxf5+ 29. Kxf5 Rd5 (29... Re8 $16) 30. Ke4 g6 31. f4 Rg8 32. Rcb4 Rd7 $2 {[#]} (32... Rg7 33. Rg1 Ke8) 33. a5 $1 $18 {[%mdl 512]} Bxa5 34. Rxb7 Rgd8 35. f5 gxf5+ 36. Kxf5 Ke8 37. Bg5 Bb6 38. Bxd8 Rxb7 {[%mdl 4096] Endgame KRB-KRB} 39. Bf6 Rd7 40. Rg1 {[#] Strongly threatening Rg8+.} Rf7 41. Rg8+ Rf8 42. Rg5 Kd7 43. Rxh5 Bxd4 44. Rh7+ Kc8 45. Ke4 Bc5 46. h5 a5 47. h6 {White mates.} a4 48. Rg7 a3 49. h7 a2 50. e6 {Accuracy: White = 90%, Black = 37%.} 1-0

[Event "EICC 2019"]
[Site "Skopia"]
[Date "2019.03.25"]
[Round "7.12"]
[White "Lysyj, Igor"]
[Black "Huzman, Alexander"]
[Result "1/2-1/2"]
[WhiteElo "2635"]
[BlackElo "2582"]
[Annotator "TA"]
[PlyCount "107"]
[EventDate "2019.03.18"]
[EventType "swiss"]
[EventCountry "MKD"]
[SourceTitle "playchess.com"]
[Source "ChessBase"]
[SourceQuality "1"]

{[%evp 14,107,21,18,19,19,17,22,31,32,51,39,48,40,41,31,38,21,25,29,30,29,50,60,71,30,39,42,78,83,93,85,104,104,102,102,91,83,84,71,85,78,77,77,85,61,61,62,59,54,51,54,62,0,2,0,103,93,112,118,96,109,180,126,114,118,163,156,156,143,196,210,193,198,136,24,363,339,325,243,510,510,520,96,106,106,125,0,0,0,0,0,0,0,0,0]} 1. d4 Nf6 2. c4 e6 3. Nc3 Bb4 4. Qc2 d5 5. cxd5 Qxd5 6. e3 c5 7. Bd2 Bxc3 8. bxc3 b6 {E34: Nimzo-Indian: Classical: 4...d5} 9. f3 $146 ({Predecessor:} 9. Nf3 Nbd7 10. c4 Qd6 11. Be2 Bb7 12. Rd1 Rc8 13. O-O Qc7 14. dxc5 Nxc5 15. Nd4 O-O 16. f3 {½-½ (44) Bareev,E (2729)-Topalov,V (2743) Wijk aan Zee 2003}) 9... Nc6 10. e4 Qd8 11. Be3 Nd7 12. Bb5 Bb7 13. Qd2 O-O 14. Ne2 Qc8 15. Kf2 Ba6 16. a4 Na5 17. Qa2 Bxb5 18. axb5 a6 19. bxa6 Rxa6 20. Qa4 Ra8 21. Qb5 Qc7 22. Bf4 e5 23. Bg3 Nc6 24. d5 Na5 25. c4 Nf6 26. Rhb1 Rfb8 27. Nc3 Ne8 {[#]} 28. Qa4 $1 f6 29. Kg1 Qd8 30. Nb5 Nb7 31. Qb3 Rxa1 32. Rxa1 Ned6 33. f4 (33. Be1 $14) 33... Na5 34. Qd3 $36 {[%mdl 2048] White has some pressure.} Nxb5 (34... Ndxc4 $11 {remains equal.} 35. fxe5 Nxe5 36. Bxe5 fxe5) 35. cxb5 $16 c4 36. Qc3 exf4 37. Bxf4 Rc8 (37... Rb7 $16) 38. Rd1 ({White should try} 38. d6 $18) 38... Qd7 39. e5 {Hoping for e6.} fxe5 40. Bxe5 Rc5 41. Qf3 Nb3 (41... Qf7 $16) 42. Bc3 (42. Rf1 $6 Rc8 $16) 42... Rc8 43. d6 Nc5 44. Re1 (44. Qf4 $16) 44... Re8 $2 {[%mdl 8192]} (44... Qxd6 $11 {and Black has nothing to worry.} 45. Bxg7 (45. Qg4 Qd7 $14) 45... Qd3) 45. Qd5+ $18 Re6 46. Rd1 ({Not} 46. Qxc4 Qxd6 47. Bd4 Kf7 $16) 46... Kh8 $2 (46... h5 {was necessary.} 47. Rd4 (47. Qxc4 Qf7 $18) (47. Qxh5 Rxd6 48. Rxd6 Qxd6 $16) 47... Qe8) 47. Qc6 h6 48. Qxb6 $2 (48. Bb4 $18 Qd8 49. Bxc5 bxc5 50. d7) 48... Nd3 $16 49. Ra1 Rg6 {[#] Threatens to win with ...Rxg2+.} 50. Qd4 (50. Qe3 $1 $16) 50... Qb7 $1 $11 {[%csl Gg6][%cal Rb7g2] The position is equal.} 51. g3 {Strongly threatening d7.} Qf3 $1 {...Nf4 is the strong threat.} 52. d7 Rxg3+ 53. hxg3 Qxg3+ 54. Kf1 {Accuracy: White = 59%, Black = 62%.} 1/2-1/2

[Event "EICC 2019"]
[Site "Skopia"]
[Date "2019.03.25"]
[Round "7.13"]
[White "Aleksandrov, Aleksej"]
[Black "Rakhmanov, Aleksandr"]
[Result "1/2-1/2"]
[WhiteElo "2574"]
[BlackElo "2629"]
[Annotator "TA"]
[PlyCount "37"]
[EventDate "2019.03.18"]
[EventType "swiss"]
[EventCountry "MKD"]
[SourceTitle "playchess.com"]
[Source "ChessBase"]
[SourceQuality "1"]

{[%evp 11,37,0,0,-36,3,-4,-2,0,18,0,12,-24,-37,-37,-32,-27,-28,-59,-6,-36,-27,-21,12,14,14,14,7,0]} 1. d4 e6 2. c4 Bb4+ 3. Nd2 Nf6 4. g3 c5 5. dxc5 O-O 6. Bg2 {E00: Catalan Bogo-Indian (3 g3 Bb4+)} Bxc5 {LiveBook: 20 Games} 7. Nh3 (7. Ngf3 b6 8. O-O Bb7 9. b3 Be7 10. Bb2 d6 11. Nd4 Qc8 12. e4 Nc6 13. Qe2 Nd7 14. Rfd1 Re8 15. Rac1 Nxd4 16. Bxd4 Bc6 {½-½ (87) Matlakov,M (2700)-Karjakin,S (2753) St Petersburg 2018}) 7... d5 $146 ({Predecessor:} 7... Nc6 8. O-O b6 9. Nb3 Be7 10. Bf4 Ba6 11. Rc1 Rc8 12. Bd6 Bxd6 13. Qxd6 Qe7 {½-½ (28) Iwamoto,T (2279)-Browne,W (2446) Las Vegas 2005}) 8. O-O Nc6 9. Nf4 Bb6 10. cxd5 exd5 11. b3 Bd4 12. Ba3 Bxa1 13. Bxf8 Be5 $1 14. Bc5 Bf5 (14... Bxf4 $15 15. gxf4 Qa5) 15. Nd3 Bxd3 16. exd3 Bd4 {The position is equal.} 17. Bxd4 Nxd4 18. Nf3 Qb6 19. Qd2 {Precision: White = 27%, Black = 47%.} 1/2-1/2

[Event "EICC 2019"]
[Site "Skopia"]
[Date "2019.03.25"]
[Round "7.14"]
[White "Buhmann, Rainer"]
[Black "Bosiocic, Marin"]
[Result "1/2-1/2"]
[WhiteElo "2568"]
[BlackElo "2614"]
[Annotator "TA"]
[PlyCount "57"]
[EventDate "2019.03.18"]
[EventType "swiss"]
[EventCountry "MKD"]
[SourceTitle "playchess.com"]
[Source "ChessBase"]
[SourceQuality "1"]

{[%evp 19,57,7,19,13,12,4,21,18,14,3,0,8,17,0,29,18,40,41,41,41,43,44,42,32,45,29,37,36,32,20,16,0,0,0,0,0,58,60,59,52]} 1. e4 e5 2. Nf3 Nc6 3. Bb5 a6 4. Ba4 Nf6 5. O-O Be7 6. Re1 b5 7. Bb3 d6 8. a4 Bg4 9. c3 O-O 10. h3 Bh5 11. d3 {C90: Closed Ruy Lopez with 7...d6: Early deviations} Na5 12. Bc2 c5 13. Nbd2 {[%cal Bb1d2,Bd2f1,Bf1g3][%mdl 32] The position is equal.} b4 14. Nf1 (14. Qe2 Qc7 15. Nf1 bxc3 16. bxc3 c4 17. Bg5 cxd3 18. Bxd3 Nb3 {½-½ (39) Czarnota,P (2540)-Postny,E (2625) Achaea 2016}) 14... Rb8 15. Ng3 Bg6 16. Qe2 $146 ({Predecessor:} 16. Nh4 d5 17. cxb4 cxb4 18. Nxg6 hxg6 {½-½ (46) Saveliev,A (2335)-Smirnov,A (2429) St Petersburg 2016}) 16... b3 17. Bd1 Re8 18. Nh4 d5 19. exd5 Qxd5 20. Nxg6 ({Not} 20. Qxe5 $2 Bd6 $19) 20... hxg6 21. Qf1 Rbd8 22. Bf3 Qd6 23. Bg5 Nd5 24. Ne4 Qc7 25. Bc1 f5 26. Ng5 {[#] And now Ne6 would win.} Bf6 $1 27. h4 Qd7 (27... c4 $11) 28. g3 Nc7 29. Be2 {Accuracy: White = 60%, Black = 68%.} 1/2-1/2

[Event "EICC 2019"]
[Site "Skopia"]
[Date "2019.03.25"]
[Round "7.15"]
[White "Chigaev, Maksim"]
[Black "Sychev, Klementy"]
[Result "1/2-1/2"]
[WhiteElo "2613"]
[BlackElo "2545"]
[Annotator "TA"]
[PlyCount "79"]
[EventDate "2019.03.18"]
[EventType "swiss"]
[EventCountry "MKD"]
[SourceTitle "playchess.com"]
[Source "ChessBase"]
[SourceQuality "1"]

{[%evp 11,79,20,33,25,26,0,0,0,4,0,8,0,11,0,44,-29,0,-10,-8,-13,0,0,2,8,66,64,64,56,83,79,116,82,80,78,80,0,0,5,48,0,0,-34,-36,-370,-319,-316,-256,-241,0,0,0,0,8,10,13,0,0,0,0,0,0,0,301,0,0,0,0,0,0,0]} 1. e4 c5 2. Nf3 d6 3. d4 Nf6 4. Nc3 cxd4 5. Nxd4 a6 6. h3 g6 7. g4 {B90: Sicilian Najdorf: Unusual White 6th moves, 6 Be3 Ng4 and 6 Be3 e5} (7. Be3 {feels hotter.} Bg7 8. Be2 Nbd7 9. O-O b6 10. Nc6) (7. g3 Bg7 8. Bg2 O-O 9. O-O Nc6 10. Be3 Nxd4 11. Bxd4 b5 12. Nd5 Bb7 13. Bxf6 Bxf6 14. Nxf6+ exf6 15. c3 Re8 16. Re1 Re6 17. Re3 Qc7 {½-½ (62) Fedoseev,V (2713)-Van Foreest,J (2617) Hoogeveen 2018}) 7... Nc6 8. Nxc6 bxc6 9. Bg2 Qc7 10. b3 $146 ({Predecessor:} 10. O-O Bg7 11. Be3 Rb8 12. Na4 O-O 13. c4 c5 14. Qc2 Bb7 {0-1 (97) Szajna,W (2290)-Stefanov,P Rzeszow 1984}) 10... Bg7 {White must now prevent ...Nxe4!} 11. Bb2 O-O 12. O-O e5 13. Ne2 (13. Qd2 $14) 13... Be6 14. c4 Rad8 15. Qc2 h5 16. g5 Nh7 17. f4 {With the idea f5.} f6 (17... Bc8 $11) 18. gxf6 $14 Bxf6 19. Kh1 Kh8 20. Rad1 Bg7 21. Rd3 Qe7 22. Qd2 c5 23. Rd1 ({Better is} 23. fxe5 $16 Rxf1+ 24. Bxf1) 23... Qh4 $1 $11 24. fxe5 Ng5 {[%cal Re6h3]} 25. exd6 {Ng1 is the strong threat.} (25. Qe1 $5 {[%cal Re1h4]} Rf2 26. Ng1 $11) 25... Rf2 26. Rg3 Bxb2 27. Rxg5 $4 {[%mdl 8192]} (27. Qxb2+ $15 Kh7 28. Qe5 Nxh3 29. Qxe6 (29. Bxh3 $2 Bxh3 30. Qg5 Qxg5 $19) 29... Ng5+ 30. Rh3 Qxh3+ 31. Qxh3 Nxh3 32. Nc3) 27... Bxh3 28. Qxb2+ Kh7 {( -> ...Rxd6)} 29. Qe5 {[#]} Rdf8 $2 ({Black should play} 29... Re8 $1 $19 {[%cal Re8e5]} 30. Qh2 (30. Qxe8 $2 {too greedy.} Bd7+ {[%mdl 64] Discovered Attack} 31. Kg1 Bxe8 $19) 30... Qxg5 31. Qxh3 Rxe2) 30. Kg1 {Strongly threatening Rg3.} ({Not} 30. Qe7+ $2 R8f7 $19) 30... Bxg2 {[%csl Gg2][%cal Rh4h1]} 31. Ng3 $36 {[%mdl 2048] White is pushing.} R8f7 32. d7 Bf3 {[%csl Gf2][%cal Rh4h2] [#]} 33. Qh8+ $1 {[%mdl 576] Decoy} Kxh8 {[%csl Gf2][%cal Rh4h2]} 34. d8=Q+ Kh7 {[%csl Gf2][%cal Rh4h2] [#]} 35. Rxh5+ $1 {[%mdl 512]} Qxh5 (35... Bxh5 36. Qxh4) 36. Nxh5 Bxh5 $2 {[%mdl 8192] [#]} (36... Bxd1 $11 {and Black is okay.} 37. Qxd1 R2f3) 37. Rd7 $2 (37. Rd2 $1 $18 {[%cal Rd2f2]} Rf1+ 38. Kh2) 37... Rf1+ {The position is equal.} 38. Kg2 {And now Rxf7+ would win.} R1f2+ 39. Kg3 {Threatens to win with Rxf7+.} R2f3+ 40. Kh2 {Accuracy: White = 34%, Black = 67%.} 1/2-1/2

[Event "EICC 2019"]
[Site "Skopia"]
[Date "2019.03.25"]
[Round "7.16"]
[White "Lupulescu, Constantin"]
[Black "Christiansen, Johan-Sebastian"]
[Result "1/2-1/2"]
[WhiteElo "2611"]
[BlackElo "2539"]
[Annotator "TA"]
[PlyCount "171"]
[EventDate "2019.03.18"]
[EventType "swiss"]
[EventCountry "MKD"]
[SourceTitle "playchess.com"]
[Source "ChessBase"]
[SourceQuality "1"]

{[%evp 9,171,12,10,11,6,6,6,0,18,21,11,19,23,13,13,20,20,-16,-8,-5,-14,-10,-17,-27,-29,-18,0,-12,0,-24,8,7,15,-22,-21,-25,-26,-22,-34,-26,-29,-27,-25,-21,-16,-38,-2,-31,-14,-29,-29,-51,-51,-80,-75,-109,-108,-127,-96,-89,-91,-105,-104,-107,-83,-108,-108,-125,-98,-105,-79,-106,-104,-93,-102,-99,-78,-94,-74,-76,-73,-73,-66,-73,-69,-91,-83,-91,-83,-99,-94,-111,-72,-72,-72,-91,-91,-91,-91,-91,-30,-93,-92,-96,-93,-96,-91,-93,-83,-83,-73,-78,-50,-80,-50,-91,0,-87,-76,-76,-45,-45,-24,-45,-21,-24,-16,-20,-11,-15,-15,-16,-16,-16,-16,-20,-20,-20,-16,-16,-16,-20,-20,-23,-15,-16,-16,-17,-12,-12,-10,-10,-9,-9,-8,-8,0,0,0,0,0,0,0,0]} 1. Nf3 d5 2. e3 Nf6 3. c4 e6 4. Nc3 dxc4 (4... Be7 5. b3 O-O 6. Bb2 b6 7. cxd5 exd5 8. d4 Bb7 9. Bd3 c5 10. O-O Nc6 11. Na4 Ne4 12. dxc5 bxc5 13. Ne5 Bd6 14. Bxe4 dxe4 15. Nc4 Be7 16. Qg4 g6 17. Qxe4 Qc7 18. Nc3 Nb4 {0-1 (50) Duda,J (2738)-Bacrot,E (2684) chess.com INT 2019}) 5. Bxc4 a6 6. O-O {A17: English Opening: 1...Nf6 with ...Bb4} b5 7. Bb3 Bb7 8. d4 Nbd7 9. e4 b4 10. e5 bxc3 11. exf6 Qxf6 12. bxc3 Bd6 $146 ({Predecessor:} 12... Bxf3 13. Qxf3 Qxf3 14. gxf3 Bd6 15. Ba4 Ke7 {½-½ (73) Sulava,N (2549)-Borgo,G (2418) Arvier 2007}) 13. d5 O-O 14. dxe6 fxe6 15. Ng5 Nc5 $1 {And now ...h6 would win.} (15... h6 16. Nxe6 Rf7 17. Nxc7 $1 $16 {[%mdl 512]}) 16. Bc2 h6 ({Wrong is} 16... Qxc3 $2 17. Bxh7+ Kh8 18. Qh5 $1 $18 {[%mdl 512]}) 17. Qh5 Qxc3 18. Bh7+ $1 ({Avoid the trap} 18. Qg6 $2 hxg5 19. Bxg5 Rf5 $1 $19 {[%mdl 512]}) 18... Kh8 19. Be3 Qe5 {[%mdl 64] Pin} 20. Bg6 Qd5 {[%csl Gb7][%cal Rd5g2]} 21. Qg4 Qxg2+ 22. Qxg2 Bxg2 23. Kxg2 {Hoping for Bxc5.} hxg5 24. Rac1 Nd7 25. Bxg5 Ne5 $36 {[%mdl 2048] Black has some pressure.} 26. Be4 Rab8 27. Rb1 Ng4 28. f3 Ne5 29. Rfc1 Kg8 30. Be3 Kf7 31. Ba7 Rb5 32. Rxb5 axb5 {[%cal Ba6b5,Bb5b4][%mdl 32]} 33. Bc5 Nc4 34. Bf2 Rh8 35. h4 Ne5 36. Bg3 Kf6 37. Rb1 {[#]} b4 $1 38. Rc1 Nf7 39. Bf2 Ke7 40. Rc2 g5 41. hxg5 Nxg5 42. Bc6 Kf7 43. Bg1 Rh3 44. Kf1 Ke7 ({Weaker is} 44... Nxf3 45. Rf2 $16) 45. Ke2 Rh1 46. Be3 Nf7 47. Be4 Rh5 48. Bg6 Ra5 49. Bd3 Ne5 50. Be4 c5 51. f4 Ng4 52. f5 Nxe3 53. Kxe3 $17 {[%mdl 4096] Endgame KRB-KRB} Ra3+ 54. Ke2 Bf4 (54... Rh3 $17 55. fxe6 Kxe6) 55. Kf1 (55. Bd3 $1 $11) 55... exf5 56. Bxf5 Kd6 57. Bh7 Rh3 58. Bg8 Rh1+ 59. Ke2 Be5 60. Rd2+ Bd4 61. Bc4 Rc1 62. Bb3 Rh1 63. Bc4 $1 Kc6 64. Rd3 Kb6 65. a3 Rc1 66. Bf7 Bc3 67. axb4 Bxb4 68. Rd6+ Kc7 69. Rd1 Rc2+ 70. Kd3 Rf2 71. Bc4 Rf4 {Strongly threatening ...Rd4+.} 72. Rc1 Rd4+ 73. Ke2 Kb6 74. Bd3 Rh4 75. Rc4 Rh2+ 76. Ke3 Ka5 77. Rc2 {The position is equal.} Rh3+ 78. Ke4 Ka4 79. Bc4 Bc3 80. Be6 Rg3 81. Ra2+ Kb5 82. Ra3 c4 83. Ra8 $1 Bf6 84. Rb8+ Kc5 85. Rc8+ Kd6 86. Bxc4 {Accuracy: White = 63%, Black = 49%.} 1/2-1/2

[Event "EICC 2019"]
[Site "Skopia"]
[Date "2019.03.25"]
[Round "7.17"]
[White "Petrov, Nikita"]
[Black "Tomashevsky, Evgeny"]
[Result "1/2-1/2"]
[WhiteElo "2591"]
[BlackElo "2705"]
[Annotator "TA"]
[PlyCount "43"]
[EventDate "2019.03.18"]
[EventType "swiss"]
[EventCountry "MKD"]
[SourceTitle "playchess.com"]
[Source "ChessBase"]
[SourceQuality "1"]

{[%evp 10,43,19,2,13,12,19,28,29,29,21,23,27,27,60,48,48,43,50,44,62,33,37,34,43,43,72,54,62,24,36,34,52,44,46,39]} 1. d4 Nf6 2. c4 e6 3. Nc3 d5 4. Bg5 Be7 5. e3 h6 6. Bh4 Nbd7 {D53: Queen's Gambit Declined: 4 Bg5 Be7: Early deviations} 7. Qc2 c5 8. dxc5 dxc4 $146 {White has an edge.} ({Predecessor:} 8... O-O 9. Rd1 Nxc5 10. Nf3 Bd7 11. Ne5 Rc8 12. Be2 Nfe4 13. Bxe7 Qxe7 14. Nxe4 dxe4 15. Nxd7 Nxd7 16. Qxe4 {0-1 (41) Mamedyarov,S (2808)-Kramnik,V (2792) Paris 2018}) 9. Bxc4 Qa5 10. Nf3 Qxc5 11. Be2 O-O 12. O-O Nb6 13. Rac1 Bd7 14. Nd4 Rac8 15. Bf3 Nfd5 16. Bxe7 Qxe7 17. Bxd5 exd5 18. Qb3 Qd6 19. Ndb5 Qg6 20. Kh1 {White is slightly better.} ({Don't blunder} 20. Nxd5 $2 Nxd5 21. Rxc8 Rxc8 $19) 20... a6 21. Nd4 Qd6 22. Qd1 {Accuracy: White = 63%, Black = 65%.} 1/2-1/2

[Event "EICC 2019"]
[Site "Skopia"]
[Date "2019.03.25"]
[Round "7.18"]
[White "Mamedov, Rauf"]
[Black "Azarov, Sergei"]
[Result "0-1"]
[WhiteElo "2701"]
[BlackElo "2585"]
[Annotator "TA"]
[PlyCount "152"]
[EventDate "2019.03.18"]
[EventType "swiss"]
[EventCountry "MKD"]
[SourceTitle "playchess.com"]
[Source "ChessBase"]
[SourceQuality "1"]

{[%evp 13,152,10,27,25,21,24,34,23,28,11,27,29,35,0,-7,-14,-27,-24,-22,-15,-13,-19,-14,-19,37,36,58,47,56,10,10,10,10,11,9,16,15,-6,-14,-14,-11,-9,86,84,79,81,85,83,76,79,134,118,90,97,145,17,54,0,0,0,2,-18,-17,-20,-16,-139,57,-131,-131,-131,-131,-132,-126,-125,-125,-208,-169,-162,-157,-181,-162,-205,-187,-188,-166,-166,-166,-168,-164,-219,-219,-211,-210,-195,-203,-174,0,-172,0,-192,-164,-200,-154,-225,-218,-223,-245,-262,-262,-264,-264,-264,-256,-562,-562,-561,-560,-530,-531,-9379,-10544,-9280,-9329,-8876,-9259,-6526,-5409,-5870,-5057,-4702,-4702,-11695,-11559,-10559,-6545,-6079,-1765,-29956,-11604,-4818,-2006]} 1. e4 e5 2. Nf3 Nc6 3. Bc4 Bc5 4. c3 Nf6 5. d3 a5 6. O-O d6 7. a4 O-O 8. Bg5 {C54: Giuoco Piano: 4 c3 Nf6, main lines with 5 d4 and 5 d3} h6 9. Bh4 g5 (9... Ba7 10. Na3 g5 11. Bg3 Nh7 12. Nb5 Bb6 13. d4 Qf6 {0-1 (127) Harikrishna,P (2725)-Hovhannisyan,R (2637) St Petersburg 2018}) 10. Bg3 {White is slightly better.} Kg7 11. Nbd2 Ba7 12. Re1 Nh7 $146 ({Predecessor:} 12... Ng8 13. Nf1 h5 {½-½ (36) Staroske,U (2515)-Buecker,J (2537) GER email 2015}) 13. Nf1 h5 14. h3 h4 15. Bh2 g4 16. hxg4 Bxg4 17. Ne3 Bxe3 $1 18. fxe3 Ne7 (18... Qf6 $11) 19. d4 $14 Ng6 20. dxe5 Nxe5 21. Bxe5+ (21. Be2 $5 {[%cal Rf3e5]}) 21... dxe5 22. Qxd8 Raxd8 23. Nxe5 Bh5 24. Nf3 h3 25. Nd4 hxg2 26. Kxg2 Rfe8 27. Rg1 c5 (27... Nf6 $11 {keeps the balance.}) 28. Nf5+ $1 $16 Kh8 29. Bd5 $1 $36 {[%mdl 2048] White has strong initiative.} Bg6 {White must now prevent ...Bxf5.} 30. Rad1 Nf6 31. Bxb7 {Hoping for Nd6.} Rb8 ({Better is} 31... Rxd1 32. Rxd1 Nxe4) 32. Rh1+ Kg8 33. Bc6 $1 {[%cal Rc6e8]} Re6 {[#]} 34. Bb5 (34. Kf3 $1 $16) 34... Rxe4 35. Nh4 ({White should play} 35. Rd6 $14 Ng4 36. Nh6+ Nxh6 37. Rxh6) 35... Bh5 $1 $11 {[%cal Rh5d1]} 36. Rdf1 Rg4+ 37. Kh3 Ne4 {And now ...Rd8 would win.} 38. Nf5 Kf8 39. Rhg1 (39. Kh2 $1 $11) 39... Ng5+ $17 40. Kh2 {Threatens to win with Rxg4.} Nf3+ $1 41. Rxf3 Rxg1 {[%mdl 64] Discovered Attack} 42. Rh3 Rg5 43. Ng3 {[#]} Bf3 $1 {...Rb6 is the strong threat.} 44. Kg1 (44. Rh8+ $17 Rg8 45. Rxg8+ Kxg8 46. Nf1) 44... Ke7 45. Kf2 Bg4 46. Rh4 Rbg8 47. Bc6 R8g6 48. Bb5 Rf6+ 49. Ke1 Bf3 50. Nf1 Rg2 51. Nd2 (51. Rh2 $142) 51... Bg4 $19 52. Bf1 Rg3 53. Be2 Rg1+ 54. Bf1 Rg3 55. Be2 $1 Rg1+ 56. Bf1 Bc8 57. Re4+ Kd8 58. Rh4 (58. Rf4 $17 {might work better.} Rxf4 59. exf4) 58... Ba6 {[%cal Ra6f1]} 59. c4 Bc8 60. Rh5 Be6 61. b3 Ke7 62. Re5 Rf5 63. Re4 $2 (63. Rxf5 Bxf5 64. e4) 63... Rh1 64. Rf4 Rxf4 65. exf4 {[%mdl 4096] Endgame KRB-KBN} Bh3 66. Ke2 Rh2+ 67. Ke3 {[#]} Rxd2 $1 {[%mdl 512]} 68. Bxh3 {KR-KB} (68. Kxd2 Bxf1) 68... Rb2 69. Ke4 Rxb3 70. Bc8 Rb8 71. Ba6 Ke6 72. Bb5 f5+ 73. Kf3 Rd8 74. Ke2 Kf6 75. Ke3 Kg6 76. Bc6 Kh5 {Accuracy: White = 55%, Black = 76%.} 0-1